000
00284nam a2200145Ia 4500
100
_a
Downey/Allen B
942
_c
BK
366
_f
20
245
_a
Think DSP:Dsp in python
260
_b
SPD
_c
2016
082
_b
MON
300
_a
152
546
_a
ENGLISH
_c
Computers
999
_c
27675
_d
27675